| 000 | 00460nam a22001577a 4500 | ||
|---|---|---|---|
| 020 | _a8121924375 | ||
| 082 |
_a621.301 _bTHE/TE |
||
| 100 |
_aTheraja B.L. _9782 |
||
| 100 |
_aTheraja A.K. _9783 |
||
| 245 | _aA Textbook of Electrical Technology -Volume - II Ac & Dc Mechanics in S.I.System of Units | ||
| 250 | _a23 revised | ||
| 260 |
_aNew Delhi _bS. Chand & Companny Pvt. Ltd _c2013 |
||
| 300 | _a1568 | ||
| 500 | _aFirst Multicolour Edition | ||
| 942 | _cBBS | ||
| 999 |
_c14705 _d14705 |
||